000 00496nam a22001697a 4500
003 NUST - PNEC
005 20170116180941.0
008 150907b xxu||||| |||| 00| 0 eng d
020 _a0201095181
040 _cLIBRARY
082 _a621.38043 STR
100 _98716
_aStrum, Robert D.
245 _aFirst principles of discrete systems and digital signal processing
_cRobert D. Strum
260 _cc.1988
650 _98719
_aSignal processing--Digital techniques
_xMIS, EE
942 _2ddc
_cBK
999 _c66152
_d66152